00730cam a2200217 a 4500008004100000020002200041100002000063245007900083250001200162260003700174300003500211440003500246500002200281504004100303650002400344650004800368700006900416003000100485005001700486040000900503  a0256136874 (hbk.)1 aStock, James R.10aStrategic logistics management /cJames R. Stock [and] Douglas M. Lambert. a4th ed. aNew York :bMcGrow-Hill,cc2001. axxix, 872 p. :bill. ;c27 cm. 4aThe Irwin series in marketing. aIncludes indexes. aIncludes bibliographical references. 0aBusiness logistics. 0aPhysical distribution of goodsxManagement.1 aLambert, Douglas M.tStrategic physical distribution management.20230123125057.0 cNUST